|
|
|
|
| LEADER |
01132nam a2200253 a 4500 |
| 001 |
1779310 |
| 008 |
100117s1972 cau bs 000 0 eng d |
| 010 |
|
|
|a \\\77161999
|
| 020 |
|
|
|a 0520020626
|
| 020 |
|
|
|a 0520023145 (pbk.)
|
| 040 |
|
|
|a DLC
|c DLC
|d DLC
|d BD-DhAAL
|
| 082 |
0 |
0 |
|a 320.9/172/4
|2 18
|
| 245 |
1 |
4 |
|a The political economy of development /
|b theoretical and empirical contributions /
|c Edited by Norman T. Uphoff and Warren F. Ilchman.
|
| 260 |
|
|
|a Berkeley :
|b University of California Press,
|c 1972.
|
| 300 |
|
|
|a xi, 506 p. :
|b ill. ;
|c 25 cm.
|
| 504 |
|
|
|a Includes bibliographical references.
|
| 541 |
1 |
|
|e 00000106
|
| 651 |
|
0 |
|a Developing countries
|x Politics and government.
|
| 651 |
|
0 |
|a Developing countries
|x Economic policy.
|
| 700 |
1 |
|
|a Uphoff, Norman Thomas,
|e comp.
|
| 700 |
1 |
|
|a Ilchman, Warren Frederick,
|e joint comp.
|
| 852 |
4 |
|
|a Ayesha Abed Library
|j General shelf
|
| 999 |
|
|
|c 7051
|d 7051
|
| 952 |
|
|
|0 0
|1 0
|2 ddc
|4 0
|6 320_917240000000000_POL_1973
|7 0
|9 7315
|a BRACUL
|b BRACUL
|c GEN
|d 2010-01-19
|f 00
|g 0.00
|l 1
|m 14
|o 320.91724 POL
|p 3010000106
|r 2017-11-22
|s 2017-05-17
|t 1
|w 2010-01-19
|y BK
|z Not price in Register
|x Not price in Register
|